000 00372nam a2200181Ia 4500
100 _aDas/Annapurna/ Das/S.K
650 _aMicrowave
250 _a2
942 _cBK
366 _f20
654 _amicrowave
245 _aMicrowave Engineering
260 _bMcGraw Hill
_c2009
082 _a621.3813
_bDAS
300 _a556
546 _aENGLISH
_cTTL
999 _c31612
_d31612